Statistics for Guess the countries by wars (difficult)

Click here to take the quiz!

General Stats

  • This quiz has been taken 16 times
  • The average score is 12 of 42

Answer Stats

HintAnswer% Correct
Emu warAustralia
73%
The football warEl salvador
73%
The football warHonduras
73%
The wars of rosesUnited Kingdom
60%
Whisky warCanada
53%
Whisky warDenmark
53%
The pastry warFrance
47%
War of Jenkins earUnited Kingdom
47%
War of Jenkins earSpain
40%
The Toyota warChad
33%
The pig warUnited Kingdom
33%
The pig warUnited States
33%
Crazy snake rebellionUnited states
33%
The war of the stray dogGreece
27%
War of the bucketItaly
27%
The Toyota warLibya
27%
The pastry warMexico
27%
Battle of BoomplaatsSouth Africa
27%
War of the golden stoolUnited Kingdom
27%
Battle of BoomplaatsUnited Kingdom
27%
The war of the stray dogBulgaria
20%
Battle of the Chinese farmsEgypt
20%
War of the golden stoolGhana
20%
Battle of the Chinese farmsIsrael
20%
Battle on the iceRussia
20%
Honey warUnited states
20%
The battle of cheeseBrazil
13%
Lobster warBrazil
13%
The Cranberry warDenmark
13%
The sausage warFinland
13%
The war of OrangesFrance
13%
Lobster warFrance
13%
Battle of the beesGermany
13%
Hook and cod warsNetherlands
13%
The Cranberry warNorway
13%
The war of OrangesPortugal
13%
The sausage warRussia
13%
The Cranberry warSweden
13%
Battle of the beesUnited Kingdom
13%
The battle of cheeseUruguay
13%
Ragamuffin warBrazil
7%
Battle on the IceEstonia
7%

Score Distribution

Percentile by Number Answered

Percent of People with Each Score

Your Score History

You have not taken this quiz